[Event "RUS-ch U16 Girls"]
[Site "Dagomys"]
[Date "2009.04.22"]
[Round "8"]
[White "Sorokina, Nadejda"]
[Black "Andreeva, Yuliya"]
[Result "1/2-1/2"]
[WhiteElo "1876"]
[BlackElo "1856"]
[PlyCount "82"]
[EventDate "2009.04.15"]
[EventType "swiss"]
[EventRounds "9"]
[EventCountry "RUS"]
[SourceTitle "CBM 130 Extra"]
[Source "ChessBase"]
[SourceDate "2009.07.02"]
[SourceVersion "2"]
[SourceVersionDate "2009.07.15"]
[SourceQuality "1"]

1. e4 c5 2. Nf3 d6 3. d4 cxd4 4. Nxd4 Nf6 5. Nc3 a6 6. f3 e6 7. Be3 Be7 8. Qd2 0-0 9. 0-0-0 Nc6 10. g4 Nxd4 11. Bxd4 b5 12. Bd3 Qc7 13. h4 Nd7 14. g5 b4 15. Ne2 Ne5 16. Qe3 Rb8 17. Kb1 Nc6 18. Qd2 e5 19. Be3 Be6 20. Nc1 a5 21. h5 f5 22. exf5 Bxf5 23. Bxf5 Rxf5 24. g6 h6 25. Rdg1 Bf8 26. Ne2 Ne7 27. f4 exf4 28. Nxf4 Qc6 29. Ne6 Rd5 30. Qf2 Rf5 31. Nd4 Qxh1 32. Nxf5 Qd5 33. Nxh6+ gxh6 34. g7 Bxg7 35. Bxh6 Nf5 36. Bxg7 Nxg7 37. h6 Rb7 38. hxg7 Rxg7 39. Rxg7+ Kxg7 40. a3 Qd1+ 41. Ka2 Qd5+ 1/2-1/2

[Event "Moscow op (Women)"]
[Site "Moscow"]
[Date "2009.02.07"]
[Round "8"]
[White "Khropova, Larisa"]
[Black "Sorokina, Nadejda"]
[Result "1/2-1/2"]
[WhiteElo "2060"]
[BlackElo "1870"]
[PlyCount "115"]
[EventDate "2009.01.31"]
[EventType "swiss"]
[EventRounds "9"]
[EventCountry "RUS"]
[SourceTitle "EXT 2012"]
[Source "ChessBase"]
[SourceDate "2011.11.24"]
[SourceVersion "1"]
[SourceVersionDate "2011.11.24"]
[SourceQuality "1"]

1. d4 d5 2. Nf3 Nf6 3. Bf4 e6 4. Nbd2 c5 5. c3 Nc6 6. e3 Bd6 7. Bxd6 Qxd6 8. Bb5 Bd7 9. 0-0 h6 10. Qe2 a6 11. Bd3 e5 12. dxe5 Nxe5 13. Nxe5 Qxe5 14. f4 Qe7 15. Rae1 Bc6 16. c4 dxc4 17. Nxc4 Nd7 18. e4 Bb5 19. e5 Bxc4 20. Bxc4 Nb6 21. e6 Kf8 22. Bb3 c4 23. Bc2 fxe6 24. Qf2 Nd5 25. Bf5 Nc7 26. Bxe6 Nxe6 27. f5 Qc5 28. fxe6+ Qxf2+ 29. Rxf2+ Kg8 30. g4 g5 31. Rf5 Rh7 32. a4 Re8 33. Re4 Rc7 34. Re3 Ree7 35. Kf2 Rc6 36. Rfe5 Kg7 37. Ke2 Kf6 38. Kd2 Rexe6 39. Rf5+ Kg6 40. Rxe6+ Rxe6 41. Rc5 Re4 42. h3 h5 43. gxh5+ Kxh5 44. Rc7 Kh4 45. Rh7+ Kg3 46. Kc3 b5 47. axb5 axb5 48. Kb4 Re5 49. Rh5 Kf4 50. Rh8 Ke4 51. Rh5 Kd4 52. Rh8 Kd3 53. Rf8 Re2 54. Rd8+ Kc2 55. Kxb5 Kb3 56. Rc8 Re5+ 57. Rc5 Re3 58. Rxg5 1/2-1/2

[Event "Moscow op (Women)"]
[Site "Moscow"]
[Date "2009.02.03"]
[Round "4"]
[White "Matveeva, Olga"]
[Black "Sorokina, Nadejda"]
[Result "1-0"]
[WhiteElo "2219"]
[BlackElo "1870"]
[PlyCount "81"]
[EventDate "2009.01.31"]
[EventType "swiss"]
[EventRounds "9"]
[EventCountry "RUS"]
[SourceTitle "EXT 2012"]
[Source "ChessBase"]
[SourceDate "2011.11.24"]
[SourceVersion "1"]
[SourceVersionDate "2011.11.24"]
[SourceQuality "1"]

1. d4 d5 2. c4 e6 3. Nc3 Nf6 4. cxd5 exd5 5. Bg5 Be7 6. e3 0-0 7. Qc2 c6 8. Bd3 Nbd7 9. Nge2 h6 10. Bh4 b6 11. 0-0 Bb7 12. Rad1 Rc8 13. f3 c5 14. Qd2 Re8 15. Kh1 a6 16. a4 Qc7 17. Bf5 c4 18. Bg3 Bd6 19. Bxd6 Qxd6 20. Ng3 Bc6 21. e4 Qc7 22. e5 Nh7 23. Bxh7+ Kxh7 24. Nf5 Rb8 25. f4 b5 26. axb5 axb5 27. Qc2 Kg8 28. Rf3 Nf8 29. Rg3 Ng6 30. Nxh6+ Kf8 31. Nf5 b4 32. Ne2 Bd7 33. Nd6 Red8 34. f5 Ne7 35. f6 Ng6 36. Nxf7 Ba4 37. Qxg6 Qxf7 38. Qxf7+ Kxf7 39. Rxg7+ Ke6 40. Rf1 Rdc8 41. Re7# 1-0